Statistics for Highest Rated Zelda Games

Click here to take the quiz!

General Stats

  • This quiz has been taken 78 times
  • The average score is 12 of 13

Answer Stats

ConsoleScoreGame% Correct
GameCube95Collector's Edition
100%
WiiU/Switch97Breath of the Wild
99%
N6495Majora's Mask
99%
N6499Ocarina of Time
97%
3DS94Ocarina of Time 3D
97%
GameCube91Ocarina of Time/Master Quest
97%
GameCube/Wii96Twilight Princess
97%
GBA (SNES)95A Link to the Past
94%
Wii93Skyward Sword
93%
GameCube96The Wind Waker
93%
WiiU90The Wind Waker HD
93%
DS90Phantom Hourglass
85%
3DS91A Link Between Worlds
84%

Score Distribution

Percentile by Number Answered

Percent of People with Each Score

Your Score History

You have not taken this quiz